| 000 | 004190000a22001690004500 | ||
|---|---|---|---|
| 003 | MACL | ||
| 005 | 20150707144646.0 | ||
| 008 | 150707b xxu||||| |||| 00| 0 eng d | ||
| 040 |
_aMACL _cMACL |
||
| 041 | _aEnglish | ||
| 100 |
_aMohanty, Chandra Talpade _91178 |
||
| 245 | _afeminism Without Borderes | ||
| 260 |
_bKali for Women _c2006 _aNew Delhi |
||
| 350 | _a595 | ||
| 650 |
_aSociology _919 |
||
| 942 |
_cBK _k307 _2ddc |
||
| 999 |
_c8207 _d8207 |
||